| 000 | 00638nam a2200217 a 4500 | ||
|---|---|---|---|
| 001 | 72215 | ||
| 003 | BD-RJUL | ||
| 005 | 20211209082227.0 | ||
| 008 | 170515s1954 enka 001 0 eng d | ||
| 035 | _a(BD-RjUL)72431 | ||
| 040 |
_aBD-RjUL _beng _cBD-RjUL _dBD-RjUL |
||
| 041 | _aeng | ||
| 082 |
_223 _a546 _bPAE 1954 |
||
| 100 | 1 |
_aPalmer, W G _d1925- _9160818 |
|
| 245 | 1 | 0 |
_aExperimental inorganic chemistry / _cW G Palmer |
| 260 |
_aCambridge : _bUniversity Press, _c1954 [ Reprinted 1959 ]. |
||
| 300 |
_axix, 577 p. : _bill. ; _c24 cm |
||
| 500 | _aIncludes index | ||
| 650 | 0 |
_aChemistry, Inorganic _9117207 |
|
| 942 |
_2ddc _cBK |
||
| 999 |
_c72215 _d72215 |
||